000
00237nam a2200097Ia 4500
001
712188
005
20250826162822.0
008
250824s9999 xx 000 0 und d
245
0
_a
PSİKOLOJİ
_c
NURETTİN TOPÇU
260
_b
DERGAH YAYINLARI
999
_c
712188
_d
712188